000 00590nam a2200205Ia 4500
005 20260429112131.0
008 260429s9999||||xx |||||||||||||| ||und||
020 _a9789389354553
041 _aEnglish
082 _a550.28
_bMIS
100 _aMishra, Dinesh Chandra
245 0 _aPrinciples and practice of gravity and magnetic methods in geological studies /
_cDinesh Chandra Mishra
250 _a1st ed.
260 _aHyderabad :
_bBs Publications,
_c2022.
300 _axv, 288 p.; pbk
650 _a Gravity
650 _a Magnetic methods
650 _aGeology
942 _cTB
999 _c52519
_d52519